Loading...
| Religion | 0 | 7 | 1 | 3 | 65 | 42 | 104.71 | 2 | 4 | 10.13 | 36.36 |
| Social Science | 0 | 6 | 0 | 0 | 60 | 66 | 79.00 | 2 | 4 | 16.00 | 30.00 |
| Literature - World | 0 | 4 | 0 | 0 | 40 | 86 | 117.50 | 1 | 2 | 6.44 | 18.18 |
| Fine Arts - Other | 0 | 4 | 0 | 0 | 40 | 82 | 105.75 | 0 | 4 | 6.91 | 17.27 |
| Current Events | 0 | 3 | 0 | 0 | 30 | 31 | 56.67 | 0 | 1 | 54.36 | 40.00 |
| Fine Arts - Painting and Sculpture | 0 | 3 | 0 | 0 | 30 | 71 | 86.67 | 0 | 3 | 8.46 | 19.09 |
| History - World | 0 | 4 | 2 | 0 | 30 | 48 | 69.75 | 3 | 4 | 17.19 | 34.55 |
| Philosophy | 0 | 3 | 0 | 1 | 30 | 32 | 83.33 | 1 | 3 | 7.76 | 18.18 |
| History - American | 0 | 3 | 1 | 0 | 25 | 62 | 84.33 | 2 | 3 | 8.50 | 21.82 |
| Literature - European | 0 | 2 | 0 | 0 | 20 | 117 | 123.50 | 1 | 1 | 2.16 | 12.73 |
| History - Other | 0 | 2 | 0 | 0 | 20 | 86 | 103.50 | 0 | 1 | 2.80 | 8.18 |
| Other Academic | 0 | 2 | 0 | 0 | 20 | 45 | 58.50 | 2 | 2 | 34.65 | 66.67 |
| Science - Physics | 0 | 2 | 1 | 1 | 15 | 102 | 109.00 | 0 | 2 | 0.88 | 10.91 |
| Geography | 0 | 1 | 0 | 0 | 10 | 123 | 123.00 | 0 | 1 | 0.27 | 13.33 |
| Mythology | 0 | 1 | 0 | 0 | 10 | 109 | 109.00 | 0 | 1 | 1.96 | 5.45 |
| History - European | 0 | 2 | 2 | 0 | 10 | 40 | 55.50 | 2 | 2 | 9.87 | 18.18 |
| Fine Arts - Classical Music | 0 | 0 | 0 | 0 | 0 | 0.00 | 0 | 0 | 0.00 | 0.00 | |
| Literature - British | 0 | 0 | 0 | 0 | 0 | 0.00 | 0 | 0 | 0.00 | 0.00 | |
| Science - Other | 0 | 0 | 1 | 0 | -5 | 0.00 | 0 | 0 | 0.00 | 0.00 |